000 00869nam a22001935i 4500
001 153768
003 ES-MaACL
005 20250827062632.0
008 990625s1877 sp l |||| | spa d
040 _aCCPB | B
_bspa
_cCCPB | B
110 1 _aEspaña
_93622
240 1 0 _aLey hipotecaria, 1861
245 1 0 _aLey hipotecaria reformada y reglamento general para su ejecucion
_b: seguida de un apendice con la coleccion de leyes, reales decretos, reales ordenes y circulares de la Direccion general de los Registros civil y de la propiedad y del Notariado, que se hallan vigentes y se han publicado desde 1871 a 1876.
250 _a2ª ed. oficial.
260 _aMadrid :
_b[s.n.],
_c1877 (
_fImprenta del Ministerio de Gracia y Justicia)
300 _a[6], CLV, 402, [6] h. pleg. ;
_c21 cm.
852 _aES-MaACL
_jA-1782
_z-- Enc. hol.
999 _c153768
_d153768